Estudios sobre la revolución burguesa en España / (Record no. 45091)

MARC details
000 -LEADER
campo de control de longitud fija 00696nam a2200205 i 4500
001 - NÚMERO DE CONTROL
campo de control 45091
003 - IDENTIFICADOR DE NÚMERO DE CONTROL
campo de control ES-MaACL
005 - FECHA Y HORA DE LA ÚLTIMA TRANSACCIÓN
campo de control 20230906161143.0
007 - CAMPO FIJO DE DESCRIPCIÓN FÍSICA--INFORMACIÓN GENERAL
campo de control de longitud fija t|
008 - DATOS DE LONGITUD FIJA--INFORMACIÓN GENERAL
campo de control de longitud fija 030325s1979 sp ||||1| spa d
100 0# - ENTRADA PRINCIPAL--NOMBRE DE PERSONA
Nombre de persona Clavero, Bartolomé.
9 (RLIN) 39130
245 10 - MENCIÓN DEL TÍTULO
Título Estudios sobre la revolución burguesa en España /
Mención de responsabilidad, etc. por Bartolomé Clavero, Pedro Ruiz Torres, Francisco J. Hernández Montalbán.
250 ## - MENCION DE EDICION
Mención de edición [1ª ed.].
260 ## - PUBLICACIÓN, DISTRIBUCIÓN, ETC.
Lugar de publicación, distribución, etc. [Madrid, etc.] :
Nombre del editor, distribuidor, etc. Siglo Veintiuno,
Fecha de publicación, distribución, etc. [1979]
300 ## - DESCRIPCIÓN FÍSICA
Extensión 158 p. ;
Dimensiones 21 cm.
700 1# - ENTRADA AGREGADA--NOMBRE PERSONAL
Nombre de persona Ruiz Torres, Pedro.
9 (RLIN) 100939
700 1# - ENTRADA AGREGADA--NOMBRE PERSONAL
Nombre de persona Hernández Montalbán, Francisco J.
9 (RLIN) 62999
852 ## - LOCALIZACIÓN
Ubicación ES-MaACL
Número de control de estantería A-10172
Sublocalización o colección R.98863
852 ## - LOCALIZACIÓN
Ubicación ES-MaACL
Número de control de estantería L-804
Sublocalización o colección R.101634
Holdings
Estatus retirado Estado de pérdida Estado de daño No para préstamo Biblioteca de origen Biblioteca actual Ubicación en estantería Fecha de adquisición Fuente de adquisición Total de préstamos Signatura topográfica completa Código de barras Visto por última vez Precio de reemplazo Tipo de ítem Koha
        Biblioteca del Ateneo de Madrid Biblioteca del Ateneo de Madrid Depósito 2 17/01/2008     L-804 1047454 23/02/2023 23/02/2023 Libro impreso
        Biblioteca del Ateneo de Madrid Biblioteca del Ateneo de Madrid Depósito 1 17/01/2008     A-10172 1047453 23/02/2023 23/02/2023 Libro impreso